000 00161 a2200085 4500
041 _aspa
100 _aRops, daniel
245 _aDiario de ana frank
942 _cBK
999 _c11222
_d11222